<?xml version="1.0" encoding="UTF-8"?>
<record
    xmlns:xsi="http://www.w3.org/2001/XMLSchema-instance"
    xsi:schemaLocation="http://www.loc.gov/MARC21/slim http://www.loc.gov/standards/marcxml/schema/MARC21slim.xsd"
    xmlns="http://www.loc.gov/MARC21/slim">

  <leader>02370agaaa2200349   4500</leader>
  <controlfield tag="001">1317</controlfield>
  <controlfield tag="003">IT-RoPAU</controlfield>
  <controlfield tag="005">20220918181223.0</controlfield>
  <controlfield tag="007">d cvaizq</controlfield>
  <controlfield tag="008">50131s9999||||xx ||| |     ||   ||und||</controlfield>
  <datafield tag="040" ind1=" " ind2=" ">
    <subfield code="a">IT-RoPAU</subfield>
    <subfield code="c">IT-RoPAU</subfield>
  </datafield>
  <datafield tag="041" ind1=" " ind2=" ">
    <subfield code="a">ITALIANO</subfield>
  </datafield>
  <datafield tag="100" ind1=" " ind2=" ">
    <subfield code="a">Welles Orson</subfield>
    <subfield code="g">Codice regista SPICS: 502</subfield>
    <subfield code="9">36923</subfield>
  </datafield>
  <datafield tag="130" ind1=" " ind2=" ">
    <subfield code="a">IT'S ALL TRUE - E' TUTTO VERO</subfield>
    <subfield code="9">36924</subfield>
  </datafield>
  <datafield tag="240" ind1=" " ind2=" ">
    <subfield code="a">IT'S ALL TRUE</subfield>
    <subfield code="g">T3007</subfield>
  </datafield>
  <datafield tag="245" ind1=" " ind2=" ">
    <subfield code="a">IT'S ALL TRUE - E' TUTTO VERO</subfield>
    <subfield code="c">Diretto da: Welles Orson</subfield>
    <subfield code="p">IT'S ALL TRUE - E' TUTTO VERO (Rif. Codice opera principale : E1317)</subfield>
  </datafield>
  <datafield tag="246" ind1=" " ind2=" ">
    <subfield code="a">IT'S ALL TRUE</subfield>
  </datafield>
  <datafield tag="250" ind1=" " ind2=" ">
    <subfield code="a">Edizione Standard</subfield>
  </datafield>
  <datafield tag="260" ind1=" " ind2=" ">
    <subfield code="a">(USA)</subfield>
    <subfield code="b">REGINE KONCHIER - JEAN - LUC ORMIERES / Distribuzione: DELTAVIDEO</subfield>
    <subfield code="g">"1995 (1&#xB0; ed.: 1996 ; Ed. Lingua Orig.: 1942)"</subfield>
  </datafield>
  <datafield tag="300" ind1=" " ind2=" ">
    <subfield code="a">VHS</subfield>
    <subfield code="b">sonoro, col.</subfield>
    <subfield code="c">85 minuti</subfield>
  </datafield>
  <datafield tag="508" ind1=" " ind2=" ">
    <subfield code="a">"Fotografia: Fanto G. Graver G.; Montaggio: Marx Ed; Musica: Arriagada Jorge; Soggetto: Krohn Bill -- Meisel Myron"</subfield>
  </datafield>
  <datafield tag="520" ind1=" " ind2=" ">
    <subfield code="a">PERDUTO RITROVATO E RESTAURATO ARRIVA FINALMENTE SUGLI SCHERMI DI CASA VOSTRA IL FILM BRASILIANO DI ORSON WELLES GIRATO NEL 1942. SMARRITO NEI MAGAZZINI DELL RKO E BLOCCATRO PER OLTRE 40 ANNI LO STESSO WELLES ALIMENTAVA LA LEGGENDA CHE LE BOBINE FOSSERO FINITE NELLE ACQUE DELLA BAIA DI SANTA MONICA.IT'S ALL TRUE DOVEVA INIZIALMENTE COMPRENDERE TRE PARTI: UN EPISODIO SUL CARNEVALE DI RIO E IL SAMBA UN ALTRO INTITOLATO MY FRIEND BONITO ED UN TERZODEDICATO ALLA STORIA DI QUATTRO PESCATORI CHE PERCORSERO 3000 KM SU UNA ZATTERA PER ARRIVARE A RIO SEDE DEL GOVERNO E DENUNCIARE LE LORO INSOPPORTABILI CONDIZIONI DI LAVORO. DEI DUE PRIMI EPISODI RESTANO ALCUNI FRAMMENTI MENTRE E' STATO RESTITUITO TUTTO IL SUO SPLENDORE ALL'ULTIMA PARTE LA PELLICOLA CON LA QUALE WELLES SPERAVA DI FAR CONOSCERE AL MONDO IL MESSAGGIO DI SOFFERENZA UMANA DEI QUATTRO JANGADEIROS BRASILIANI.</subfield>
  </datafield>
  <datafield tag="538" ind1=" " ind2=" ">
    <subfield code="a">PAL, STEREO</subfield>
  </datafield>
  <datafield tag="546" ind1=" " ind2=" ">
    <subfield code="a">ITALIANO</subfield>
  </datafield>
  <datafield tag="650" ind1=" " ind2=" ">
    <subfield code="a">DRAMMATICO</subfield>
    <subfield code="e">FILMS [VHS]</subfield>
    <subfield code="x">Codice MATERIA SPICS: 9960</subfield>
    <subfield code="9">34083</subfield>
  </datafield>
  <datafield tag="700" ind1=" " ind2=" ">
    <subfield code="a">Arriagada Jorge</subfield>
    <subfield code="e">(musica)</subfield>
    <subfield code="g">Codice Musica SPICS: 24025</subfield>
    <subfield code="9">36925</subfield>
  </datafield>
  <datafield tag="700" ind1=" " ind2=" ">
    <subfield code="a">Krohn Bill </subfield>
    <subfield code="e">(soggetto)</subfield>
    <subfield code="g">Codice Soggetto SPICS: 20318</subfield>
    <subfield code="9">36926</subfield>
  </datafield>
  <datafield tag="700" ind1=" " ind2=" ">
    <subfield code="a">Meisel Myron </subfield>
    <subfield code="e">(soggetto)</subfield>
    <subfield code="g">Codice Soggetto 2&#xB0; SPICS: 47104</subfield>
    <subfield code="9">36927</subfield>
  </datafield>
  <datafield tag="700" ind1=" " ind2=" ">
    <subfield code="a">Welles Orson </subfield>
    <subfield code="e">(regista)</subfield>
    <subfield code="g">Codice regista SPICS: 502</subfield>
    <subfield code="9">36928</subfield>
  </datafield>
  <datafield tag="700" ind1=" " ind2=" ">
    <subfield code="a">Wilson Richard</subfield>
    <subfield code="e">(regista)</subfield>
    <subfield code="g">Codice secondo regista SPICS: 20546</subfield>
    <subfield code="9">36929</subfield>
  </datafield>
  <datafield tag="942" ind1=" " ind2=" ">
    <subfield code="c">VH</subfield>
    <subfield code="2">ddc</subfield>
  </datafield>
  <datafield tag="999" ind1=" " ind2=" ">
    <subfield code="c">104653</subfield>
    <subfield code="d">104653</subfield>
  </datafield>
  <datafield tag="952" ind1=" " ind2=" ">
    <subfield code="0">0</subfield>
    <subfield code="1">0</subfield>
    <subfield code="4">0</subfield>
    <subfield code="6">E_1317_000000000000000</subfield>
    <subfield code="7">1</subfield>
    <subfield code="a">SPICS</subfield>
    <subfield code="b">SPICS</subfield>
    <subfield code="d">2015-01-31</subfield>
    <subfield code="l">0</subfield>
    <subfield code="o">E1317</subfield>
    <subfield code="r">2015-01-31 00:00:00</subfield>
    <subfield code="w">2015-01-31</subfield>
    <subfield code="y">VH</subfield>
    <subfield code="z">Progr. Ins.: 716 / N.Vol.:1 / Copie: 1 / Pag.: / Copia rara: n.d. / date import: 1.2.2015 / By Epidotti, Trombetti, Vaglietti</subfield>
  </datafield>
</record>
